Možnosti využitia štatistických metód kontroly kvality v a.s. Drôtovňa Hlohovec : Diplmová práca

Gespeichert in:
Bibliographische Detailangaben
1. Verfasser: Kopták, Juraj (Verfasst von)
Weitere Verfasser: Homokyová, Mária, 1971- (xxx)
Format: Manuskript Buch
Sprache:Slowakisch
Veröffentlicht: Trnava : STU v Bratislave MtF KMK, 1995
Schlagworte:
Tags: Tag hinzufügen
Keine Tags, Fügen Sie das erste Tag hinzu!

MARC

LEADER 00000ntm a22000003a 4500
001 stu56552
005 20160719155201.8
008 010205s1995----xo------------------slo-d
040 |a STU  |b slo 
041 0 |a slo 
044 |a xo 
100 1 |a Kopták, Juraj  |4 aut 
245 1 |a Možnosti využitia štatistických metód kontroly kvality v a.s. Drôtovňa Hlohovec :  |b Diplmová práca 
260 |a Trnava :  |b STU v Bratislave MtF KMK,  |c 1995 
300 |a 76 s  |c výťah 
650 7 |a metódy štatistické-kontrola kvality  |2 stusub 
650 7 |a manažment priemyselných podnikov  |2 stusub 
700 1 |a Homokyová, Mária,  |d 1971-  |4 xxx  |u M4000  |U MTF Materiálovotechnologická fakulta  |T MTF Ústav priemyselného inžinierstva a manažmentu  |X 2756  |U M4000  |Y 84  |7 A000002756 
996 |b 284M023783  |c M*DP-858  |l MMSKP  |s P  |a 0  |w stu56552_0001